000 00945nam a2200265Ia 4500
003 GCL
008 140319s9999 xx 000 0 ara d
020 _a3500501977
040 _aGCL /
_cGCL
082 0 4 _aق
_b932
_bر ط
100 1 _aمحمود ماهر طه \\=aاحمد زهير امينv
245 1 0 _aالطفل المصرى القديم /
_cمحمود ماهر طه
700 1 _aروزاليند
700 1 _aيانسن، جاك
260 _aالقاهرة :
_bالهيئة المصرية العامة للكتاب ،
_c1997
300 _a171 ص ؛
_c24 سم
490 _aالالف كتاب الثانى
_v236
650 0 4 _aمصر القديمة
650 0 4 _aالحضارة الفرعونية
650 0 4 _aمصر الفرعونية
650 0 4 _aمصر - تاريخ
650 0 4 _aالاطفال - مصر الفرعونية
650 0 4 _aالاطفال - تربية - مصر الفرعونية
942 _2ddc
_cBK
999 _c50493
_d50493